Statistiques concernant Palmarès prénoms 👶 les plus donnés en 2020 à NANTES

Cliquez ici pour prendre le quiz!

Statistiques générales

  • Ce quiz a été pris 179 fois
  • Le résultat moyen est 7 sur 23

Statistiques - réponses

HintRéponse% Correct
4èmeLouis54
67%
5èmeLéo50
59%
Emma37
55%
1èreLouise58
54%
3èmeCamille38
50%
2èmeGabriel61
44%
9èmePaul39
43%
6èmeJules48
36%
3èmeJade48
34%
1erRaphaël71
32%
Juliette37
30%
2èmeAnna50
28%
10èmeMaël38
26%
4èmeJeanne38
25%
3èmeArthur57
20%
8èmeInès35
20%
2èmeSacha46
20%
Ambre35
15%
7èmeLéon43
14%
8èmeMalo40
14%
10èmeRose34
14%
5èmeAdèle37
10%
1erCharlie47
7%

Distribution des résultats

Percentile par nombre de réponses

% des personnes avec chaque résultat

Votre développement - résultats

Vous n’avez pas pris ce quiz